000 00509nab a2200145Ia 4500
003 ES-SlBCS
005 20210601131457.0
008 140529s1956 xxu||||| |||| 00| 0 fre d
041 _afre
100 1 _aGrégoire, Franz
_9184307
245 0 0 _aPhénoménologie et teneur de l'axiome universel du fondement d'être
_c Franz Grégoire
650 0 4 _aFenomenología del otro
_9155704
773 0 _tRevue Philosophique de Louvain (Antes, Revue Néo-Scolostique
_gvol. 54, 1956, págs. 478-500
_wRev378
942 _cAR
999 _c563746
_d563746